000 00531nam a22001817a 4500
005 20260513161455.0
008 260513b |||||||| |||| 00| 0 eng d
020 _a9781032262192
041 _aEng
082 _a330 SCH
100 _aSchäfer, Georg N
245 _aMapping Mainstream Economics Genealogical Foundations of Alternativity
260 _aNew York
_b Routledge
_c2024
300 _a77;. P. 22 cm
650 _aEconomics--Philosophy; Economics--Sociological aspects
700 _aSchuster, Sören E.
942 _cBK
999 _c46567
_d46567